000 00417 a2200157 4500
003 OSt
005 20240801123924.0
008 231017b |||||||| |||| 00| 0 eng d
022 _28178982269
040 _coclc
082 _a492.7
_bRAH/T
100 _aRahman S A
_99738
245 _aTEACH YOURSELF ARABIC /
_cS A Rahman
300 _a414 p
942 _2ddc
_cBK
_h492.7
_iRAH/T
_k492.7
_mRAH/T
999 _c42717
_d42717